| 000 | 01342nem0a2200325 4500 | ||
|---|---|---|---|
| 001 | RU\NLR\cart\5737 | ||
| 005 | 20250617204435.0 | ||
| 035 | _a(NLR Aleph) 004275842 | ||
| 090 |
_a2309750 _c2309750 |
||
| 100 | _a20091001d2008 |||y0rusy50 ca | ||
| 101 | 0 | _arus | |
| 102 | _aRU | ||
| 120 | _abaa xx|| | ||
| 123 | 1 |
_aa _b20 000 |
|
| 200 | 1 |
_aСлавянск-на-Кубани _bКарты _eПутеводитель _fОбновл. и подгот. к печ. изд.-вом "Картинформ" в 2008 г. _gРед. Т. Пилипенко |
|
| 206 | _a1:20 000, 200 м в 1 см | ||
| 210 |
_aПятигорск _cКартинформ _d2008 |
||
| 215 |
_a2 к. (1 л.) _cцв., ил., текст, указ. _d49х68 см, слож. 24х12 см |
||
| 300 | _aНа л. также: Славянский район.-1:170 000 | ||
| 309 | _aДвусторон. печать | ||
| 327 | 1 | _aДоп. карта: Центр.-1:12 000 | |
| 509 | 0 | 1 |
_7ca _aСлавянск-на-Кубани, _eКраснодарский край _hгород _92634037 _3RU\NLR\auth_crt\55865 |
| 606 | 0 |
_aПланы _92177709 _3RU\NLR\auth_crt\662 |
|
| 620 | _aРоссия | ||
| 702 | 1 |
_aПилипенко _bТ. _4340 |
|
| 801 | 0 |
_aRU _bNLR _c20091001 _gPSBO |
|
| 852 |
_aNLR _bК _j4-План 2/2179 _m08-281 _t08-281а |
||
| 942 | _cMAP | ||
| 980 | _aNB | ||